[Event "GER North-chT U16"]
[Site "Magdeburg"]
[Date "2006.08.26"]
[Round "2.2"]
[White "Alebrand, Felix"]
[Black "Schlon, Daniel"]
[Result "1-0"]
[WhiteElo "1296"]
[BlackElo "1041"]
[PlyCount "64"]
[EventDate "2006.08.26"]
[EventType "team"]
[EventRounds "7"]
[EventCountry "GER"]
[SourceTitle "EXT 2007"]
[Source "ChessBase"]
[SourceDate "2006.11.23"]
[SourceVersion "1"]
[SourceVersionDate "2006.11.23"]
[SourceQuality "1"]

1. e4 e5 2. Nf3 Nc6 3. Bb5 Bc5 4. Nc3 d6 5. Bxc6+ bxc6 6. d4 exd4 7. Nxd4 Bd7 8. 0-0 Nf6 9. Nb3 Bb6 10. Bg5 h6 11. Bh4 0-0 12. Re1 Re8 13. Na4 Qe7 14. Nxb6 cxb6 15. f4 Qe6 16. Nd4 Qg4 17. Qxg4 Nxg4 18. h3 Nf6 19. Bxf6 gxf6 20. Rad1 Rad8 21. Kh2 Re7 22. a3 Rde8 23. Nf3 f5 24. e5 d5 25. c3 Kh7 26. Rg1 h5 27. Ng5+ Kg6 28. Rd2 Be6 29. Nxe6 fxe6 30. g4 hxg4 31. hxg4 Rh8+ 32. Kg3 Rg7 1-0